000 00538nam a2200181 4500
001 120789
003 ES-MaACL
005 20230906191625.0
007 t|
008 070214s1971 sp r ||||1| spa d
100 1 _aPolnay, Peter de.
_992852
245 1 0 _aToda una fortaleza
_b: novela /
_cPeter de Polnay ; traducción del inglés por Isabel Estebán.
250 _a1ª. ed.
260 _aBarcelona :
_bPlaneta,
_c1971.
300 _a288 p. ;
_c20 cm.
700 1 _aEsteban, Isabel.
_948031
852 _aES-MaACL
_jC-39306
_bR.77549
999 _c120789
_d120789